000 00341nam a2200157Ia 4500
100 _aNorton/P./ Socha/J.
250 _a3
942 _cBK
654 _aComputer
245 _aAssembly Language for the PC
260 _bPrentice Hall
_aNew Delhi
_c1996
082 _a5.265
_bSOC/NOR
300 _a644
546 _aENGLISH
999 _c27694
_d27694